| 000 | 00662nam a2200217 a 4500 | ||
|---|---|---|---|
| 999 |
_c3386 _d3386 |
||
| 001 | 3386 | ||
| 003 | BD-JhCC | ||
| 005 | 20171113133554.0 | ||
| 008 | 171105s1983 bg |||| |||| 000 0 ben d | ||
| 035 | _a(BD-JhCC)3386 | ||
| 040 |
_aBD-JhCC _dBD-JhCC |
||
| 041 | _aben | ||
| 082 |
_a891.4415 _bGUN 1983 |
||
| 100 | _aগুন, নির্মলেন্দু | ||
| 245 |
_aনির্বাচিতা / _cনির্মলেন্দু গুন |
||
| 260 |
_aঢাকা : _bজাতীয় সাহিত্য প্রকাশনী, _c1983. |
||
| 300 |
_a238 p. : _c22 cm. |
||
| 650 | _aBengali Poetry | ||
| 942 |
_2ddc _cBK |
||